000 00291nam a2200109Ia 4500
008 171205s9999 xx 000 0 und d
020 _a9789712368257
100 _aDe Leon, Hector S.
245 4 _aThe Law on obligations and conctracts
260 _bRex Bookstore
_c2014
300 _a494 pages
999 _c347418
_d347418